|
|
|
|
| LEADER |
00888cam a2200229 a 4500 |
| 001 |
0000109805 |
| 005 |
20080923090000.0 |
| 040 |
|
|
|a mod
|
| 041 |
|
|
|a eng
|
| 020 |
0 |
0 |
|a 0070690642
|
| 090 |
0 |
0 |
|a 973
|b WEI
|e 1972
|
| 100 |
1 |
0 |
|a Weisberger
|h Bernard A.
|
| 245 |
1 |
4 |
|a The impact of our past
|b a history of the United States
|c by Bernard A. Weisberger. Inquiry and study aids: Gerald Hardcastle. Consultants: John Blassingame [and others]
|
| 250 |
0 |
0 |
|a Annotated teacher?s ed.
|
| 260 |
0 |
0 |
|a New York
|b American Heritage Pub. Co.
|c 1972
|
| 300 |
|
|
|a 39, 802 p.
|b ill.
|c 27 cm
|
| 500 |
0 |
0 |
|a Introductory material for teachers, by Gerald Hardcastle (39 p.) precedes the main text
|
| 504 |
0 |
0 |
|a Includes bibliographical references
|
| 651 |
0 |
0 |
|a United States
|x History
|x Juvenile literature
|
| 700 |
1 |
1 |
|a Hardcastle
|h Gerald
|
| 999 |
|
|
|
| 999 |
|
|
|a 0000009090
|b MTAT
|d BOOKS
|e Umum
|f MTAT
|j AVAILABLE
|p 1
|q GOOD CONDITION
|